Normal view MARC view

Entry Personal Name

Number of records used in: 1

001 - CONTROL NUMBER

  • control field: 24086

003 - CONTROL NUMBER IDENTIFIER

  • control field: dpl

005 - DATE AND TIME OF LATEST TRANSACTION

  • control field: 20101101110547.0

008 - FIXED-LENGTH DATA ELEMENTS

  • fixed length control field: 101101|||a|||||| | ||| d

040 ## - CATALOGING SOURCE

  • Original cataloging agency: dpl
  • Transcribing agency: dpl

100 ## - HEADING--PERSONAL NAME

  • Personal name: Mahajan, Sneh

670 ## - SOURCE DATA FOUND

  • Source citation: Work cat.: (dpl)35636: Mahajan, Sneh, Issues in twentieth-century world history /, 2010

670 ## - SOURCE DATA FOUND

  • Source citation: Work cat.: (dpl)35636: Mahajan, Sneh, Issues in twentieth-century world history /, 2010

© Delhi Public Library
Hit Counter
free hit counter